| 000 | 00716nam a2200253 4500 | ||
|---|---|---|---|
| 001 | 121643 | ||
| 003 | ES-MaACL | ||
| 005 | 20230906191806.0 | ||
| 007 | t| | ||
| 008 | 070214s1934 sp r ||||1| spa d | ||
| 100 | 0 |
_aPlatón. _992598 |
|
| 245 | 1 | 0 |
_aDiálogos polémicos. _n, . II. |
| 260 |
_aMadrid : _b[s. n.], _c1934 ( _fImp. de L. Rubio) |
||
| 300 |
_a375 p. ; _c18 cm. |
||
| 490 | 1 |
_aObras completas de Platón ; _v4 |
|
| 505 | 8 | _aContiene: El sofista ; Parménides ; Menón ; Filebo | |
| 740 | 0 | _aEl sofista. | |
| 740 | 0 | _aParménides. | |
| 740 | 0 | _aMenón. | |
| 740 | 0 | _aFilebo. | |
| 830 | 0 |
_aObras completas de Platón ; _v4 _9186517 |
|
| 852 |
_aES-MaACL _jC-7398 |
||
| 999 |
_c121643 _d121643 |
||